000 00593nam a2200193Ia 4500
003 GCL
008 140319s9999 xx 000 0 ara d
040 _aGCL /
_cGCL
082 0 4 _a915.56
_bم و
100 1 _aمحمد صبحى عبدالحكيم
245 1 0 _aالوطن العربى 0 ارضه 0 سكانه 0 مواارده /
_cمحمد صبحى عبدالحكيم
700 1 _aيوسف خليل
700 1 _aحليم ابراهيم جريس
300 _a695 ص
490 _a100 قصة
_v0
650 0 4 _aالوطن العربى
650 0 4 _aالجغرافيا
942 _2ddc
_cBK
999 _c44046
_d44046